[Event "Kiel op 36th"]
[Site "Kiel"]
[Date "2024.07.31"]
[Round "7"]
[White "Kutlar, Aras"]
[Black "Ueckermann, Stefan"]
[Result "0-1"]
[WhiteElo "1606"]
[BlackElo "1965"]
[PlyCount "114"]
[EventDate "2024.07.27"]
[EventType "swiss"]
[EventRounds "9"]
[EventCountry "GER"]
[SourceTitle "EXT 2025"]
[Source "ChessBase"]
[SourceDate "2024.10.14"]
[SourceVersion "1"]
[SourceVersionDate "2024.10.14"]
[SourceQuality "1"]

1. e4 c5 2. Nf3 Nc6 3. Bb5 g6 4. 0-0 Bg7 5. Re1 a6 6. Bf1 d6 7. c3 e5 8. d3 Nge7 9. Be3 0-0 10. d4 cxd4 11. cxd4 Bg4 12. d5 Nd4 13. Bxd4 exd4 14. Be2 d3 15. Qxd3 Bxb2 16. Nbd2 Bxa1 17. Rxa1 Rc8 18. h3 Bxf3 19. Nxf3 Rc5 20. Ng5 h6 21. Nf3 Qa5 22. Rb1 b5 23. Qe3 Kh7 24. Qf4 Qxa2 25. Re1 Nc8 26. Nd4 Qa5 27. Rd1 Qd8 28. Nc6 Qg5 29. Qf3 Ne7 30. Nd4 Kg7 31. Nb3 Rc2 32. Qd3 Rfc8 33. Nd4 Rc1 34. Nf3 Rxd1+ 35. Qxd1 Qc1 36. Kf1 Qxd1+ 37. Bxd1 a5 38. Nd4 Rc4 39. Nxb5 Rxe4 40. Nxd6 Rd4 41. Bf3 Nxd5 42. Ne8+ Kf8 43. Nd6 Ne3+ 44. fxe3 Rxd6 45. Ke2 Ke7 46. e4 a4 47. Ke3 a3 48. e5 a2 49. exd6+ Kxd6 50. Bd5 Kxd5 51. Kf4 a1Q 52. g4 g5+ 53. Kg3 Qc3+ 54. Kg2 Ke4 55. Kf2 Qd2+ 56. Kg1 Kf3 57. h4 Qg2# 0-1

[Event "Schleswig Holstein-ch U18 MT"]
[Site "Neumuenster"]
[Date "2005.03.21"]
[Round "5"]
[White "Ueckermann, Stefan"]
[Black "Jahncke, Giso"]
[Result "1/2-1/2"]
[WhiteElo "2026"]
[BlackElo "1882"]
[PlyCount "83"]
[EventDate "2005.03.19"]
[EventType "tourn"]
[EventRounds "9"]
[EventCountry "GER"]
[SourceTitle "EXT 2007"]
[Source "ChessBase"]
[SourceDate "2006.11.23"]
[SourceVersion "1"]
[SourceVersionDate "2006.11.23"]
[SourceQuality "1"]

1. d4 Nf6 2. Nf3 g6 3. c4 Bg7 4. Nc3 0-0 5. e4 d6 6. Be2 e5 7. 0-0 Nc6 8. d5 Ne7 9. b4 Nh5 10. Ne1 Nf4 11. Bxf4 exf4 12. Rc1 f5 13. f3 a5 14. a3 axb4 15. axb4 b6 16. Qb3 g5 17. Nd3 Ng6 18. c5 bxc5 19. bxc5 Ba6 20. cxd6 cxd6 21. Rfd1 Bxd3 22. Bxd3 Rb8 23. Qa2 Ne5 24. exf5 g4 25. Qf2 Rb3 26. Be4 Qa5 27. Ne2 Rb2 28. Rc2 Rxc2 29. Bxc2 Bh6 30. Qh4 Bg7 31. Qf2 gxf3 32. gxf3 Nxf3+ 33. Qxf3 Qc5+ 34. Kh1 Qxc2 35. Rg1 Qxf5 36. Qg2 Qe5 37. Qg4 Qxd5+ 38. Rg2 Qe5 39. Ng1 h5 40. Qg6 f3 41. Rf2 Qd5 42. Qg3 1/2-1/2

[Event "Schleswig Holstein-ch U18 MT"]
[Site "Neumuenster"]
[Date "2004.03.26"]
[Round "9"]
[White "Ueckermann, Stefan"]
[Black "Simon, Christopher"]
[Result "1-0"]
[WhiteElo "1783"]
[BlackElo "1720"]
[PlyCount "95"]
[EventDate "2004.03.20"]
[EventType "tourn"]
[EventRounds "9"]
[EventCountry "GER"]
[SourceTitle "EXT 2006"]
[Source "ChessBase"]
[SourceDate "2005.11.24"]
[SourceVersion "1"]
[SourceVersionDate "2005.11.24"]
[SourceQuality "1"]

1. e4 e5 2. Nc3 Nf6 3. f4 d6 4. Nf3 Bg4 5. Be2 Nbd7 6. d3 Be7 7. 0-0 c6 8. Kh1 Qc7 9. a4 0-0 10. h3 Bxf3 11. Bxf3 exf4 12. Bxf4 Ne5 13. Be2 Ng6 14. Bh2 Rad8 15. d4 Qb6 16. Qd2 h6 17. Rab1 Rfe8 18. b4 a6 19. b5 axb5 20. axb5 Qc7 21. d5 c5 22. b6 Qb8 23. Bd3 Nd7 24. Qf2 Bf6 25. Nb5 Nde5 26. Nc7 Re7 27. Qe2 Kf8 28. Rb3 Rc8 29. Ra3 Rexc7 30. bxc7 Qxc7 31. c4 Nxd3 32. Qxd3 Ne5 33. Bxe5 Bxe5 34. Rb1 Rb8 35. Ra7 Qe7 36. Qf3 Qg5 37. Rf1 f6 38. Qd3 Bd4 39. Qf3 Be5 40. Ra2 Rd8 41. Ra7 Rb8 42. Ra3 b5 43. cxb5 Rxb5 44. Ra8+ Ke7 45. Qa3 Rb7 46. Qa5 Rd7 47. Rb1 Bb2 48. Qb5 1-0

[Event "Schleswig Holstein-ch U18 MT"]
[Site "Neumuenster"]
[Date "2004.03.21"]
[Round "2"]
[White "Ueckermann, Stefan"]
[Black "Buncke, Johanna"]
[Result "1-0"]
[WhiteElo "1765"]
[BlackElo "1653"]
[PlyCount "83"]
[EventDate "2004.03.20"]
[EventType "tourn"]
[EventRounds "9"]
[EventCountry "GER"]
[SourceTitle "EXT 2006"]
[Source "ChessBase"]
[SourceDate "2005.11.24"]
[SourceVersion "1"]
[SourceVersionDate "2005.11.24"]
[SourceQuality "1"]

1. e4 c5 2. d4 cxd4 3. c3 d3 4. Bxd3 Nc6 5. Nf3 d6 6. h3 Nf6 7. 0-0 a6 8. Re1 e5 9. Bg5 Be7 10. c4 Nb4 11. Bf1 0-0 12. a3 Nc6 13. Nc3 Be6 14. Bxf6 Bxf6 15. Nd5 Be7 16. Bd3 Rb8 17. Qe2 f5 18. exf5 Bxf5 19. Rad1 Bxd3 20. Rxd3 b6 21. b4 Kh8 22. Red1 Qc8 23. Nxe7 Nxe7 24. Rxd6 Ng6 25. Nxe5 Nxe5 26. Qxe5 Qxc4 27. Rd7 Qg8 28. Qd5 Qxd5 29. R1xd5 h6 30. Ra7 Ra8 31. Rdd7 Rg8 32. Rxa8 Rxa8 33. Rb7 b5 34. f3 Kh7 35. Kf2 h5 36. Rb6 Ra7 37. f4 Kg8 38. Kg3 Kf7 39. Kh4 g6 40. Kg5 Kg7 41. Rxg6+ Kf7 42. Kxh5 1-0

[Event "Schleswig Holstein-ch U16 MT"]
[Site "Neumuenster"]
[Date "2003.03.16"]
[Round "9"]
[White "Ueckermann, Stefan"]
[Black "Denker, Stephan"]
[Result "0-1"]
[WhiteElo "1645"]
[BlackElo "1638"]
[PlyCount "56"]
[EventDate "2003.03.??"]
[EventType "tourn"]
[EventRounds "9"]
[EventCountry "GER"]
[SourceTitle "EXT 2005"]
[Source "ChessBase"]
[SourceDate "2004.11.15"]
[SourceVersion "1"]
[SourceVersionDate "2004.11.15"]
[SourceQuality "1"]

1. c4 c5 2. e3 e6 3. d4 d5 4. cxd5 exd5 5. dxc5 Bxc5 6. Nc3 Nf6 7. Nf3 0-0 8. Bd3 Nc6 9. 0-0 Bg4 10. h3 Bh5 11. a3 a5 12. g4 Bg6 13. Bxg6 fxg6 14. Ng5 Qd7 15. Kh1 d4 16. Qb3+ Kh8 17. Ne6 dxc3 18. Nxf8 Rxf8 19. bxc3 Ne5 20. Rd1 Qc6+ 21. Kg1 Nf3+ 22. Kf1 Ne4 23. Qd5 Ng3+ 24. Kg2 Qxd5 25. Rxd5 Ne4 26. Bb2 Nh4+ 27. Kg1 Rxf2 28. Rd8+ Bf8 0-1

[Event "Schleswig Holstein-ch U16 MT"]
[Site "Neumuenster"]
[Date "2003.03.13"]
[Round "5"]
[White "Ueckermann, Stefan"]
[Black "Buncke, Johanna"]
[Result "1-0"]
[WhiteElo "1645"]
[BlackElo "1617"]
[PlyCount "79"]
[EventDate "2003.03.??"]
[EventType "tourn"]
[EventRounds "9"]
[EventCountry "GER"]
[SourceTitle "EXT 2005"]
[Source "ChessBase"]
[SourceDate "2004.11.15"]
[SourceVersion "1"]
[SourceVersionDate "2004.11.15"]
[SourceQuality "1"]

1. e4 c5 2. Nf3 Nc6 3. d4 cxd4 4. Nxd4 e5 5. Nf3 Nf6 6. Bg5 Qa5+ 7. Bd2 Bb4 8. c3 Be7 9. Bd3 d5 10. exd5 Qxd5 11. Bc2 e4 12. Bb3 Qh5 13. Ng5 Qxd1+ 14. Kxd1 Bg4+ 15. Kc1 Bh5 16. Re1 Bg6 17. Bc2 0-0 18. Nxe4 Nxe4 19. Bxe4 Bxe4 20. Rxe4 Bc5 21. Be3 Bxe3+ 22. Rxe3 Rad8 23. Kc2 Rd7 24. Nd2 Rfd8 25. Nf3 b5 26. Rae1 f6 27. Re8+ Rxe8 28. Rxe8+ Kf7 29. Rc8 Rd6 30. Rc7+ Kg6 31. Nd2 b4 32. a3 bxc3 33. Kxc3 a5 34. Nc4 Re6 35. b4 axb4+ 36. axb4 Ne7 37. Kb3 Nd5 38. Rc5 Nb6 39. Nxb6 Rxb6 40. Kc4 1-0

[Event "Schleswig Holstein-ch U16 MT"]
[Site "Neumuenster"]
[Date "2003.03.11"]
[Round "2"]
[White "Fachri, Hormoz"]
[Black "Ueckermann, Stefan"]
[Result "1/2-1/2"]
[WhiteElo "1412"]
[BlackElo "1697"]
[PlyCount "29"]
[EventDate "2003.03.??"]
[EventType "tourn"]
[EventRounds "9"]
[EventCountry "GER"]
[SourceTitle "EXT 2005"]
[Source "ChessBase"]
[SourceDate "2004.11.15"]
[SourceVersion "1"]
[SourceVersionDate "2004.11.15"]
[SourceQuality "1"]

1. e4 c5 2. Nf3 Nc6 3. d4 cxd4 4. Nxd4 g6 5. Nc3 Bg7 6. Be3 Nf6 7. Be2 0-0 8. 0-0 d6 9. f4 Qb6 10. Qd3 Qd8 11. Kh1 Nd7 12. Rad1 Nc5 13. Qd2 Bd7 14. Bf3 Rc8 15. Ndb5 1/2-1/2

[Event "Schleswig Holstein-ch U16 MT"]
[Site "Neumuenster"]
[Date "2003.03.10"]
[Round "1"]
[White "Kaczenski, Jan Torben"]
[Black "Ueckermann, Stefan"]
[Result "1/2-1/2"]
[WhiteElo "1481"]
[BlackElo "1697"]
[PlyCount "96"]
[EventDate "2003.03.??"]
[EventType "tourn"]
[EventRounds "9"]
[EventCountry "GER"]
[SourceTitle "EXT 2005"]
[Source "ChessBase"]
[SourceDate "2004.11.15"]
[SourceVersion "1"]
[SourceVersionDate "2004.11.15"]
[SourceQuality "1"]

1. d4 d5 2. c4 e6 3. Nc3 Nf6 4. e3 Be7 5. g3 0-0 6. Bg2 c6 7. Nge2 Nbd7 8. b3 b6 9. 0-0 Ba6 10. cxd5 cxd5 11. Bb2 Rc8 12. Rc1 Bd6 13. Rc2 Qe7 14. Qd2 Rc7 15. Rfc1 Rfc8 16. e4 dxe4 17. Nxe4 Nxe4 18. Bxe4 Nf6 19. Bd3 Bxd3 20. Qxd3 Nd5 21. Rxc7 Rxc7 22. Rxc7 Qxc7 23. Nc3 Nxc3 24. Qxc3 Qxc3 25. Bxc3 g6 26. Kg2 Kf8 27. Kf3 Be7 28. Ke4 Bf6 29. Bb4+ Ke8 30. d5 exd5+ 31. Kxd5 Kd7 32. Bd2 Bg7 33. Be3 Bc3 34. Bf4 Be1 35. f3 Bf2 36. a4 Bc5 37. Bb8 a6 38. Be5 Bg1 39. h3 Bf2 40. g4 Be3 41. Bd4 Bxd4 42. Kxd4 Ke6 43. Ke4 g5 44. b4 h6 45. Kd4 Kd6 46. Ke4 Ke6 47. f4 f6 48. a5 b5 1/2-1/2

[Event "Schleswig Holstein-ch U16 q"]
[Site "Neumuenster"]
[Date "2002.04.10"]
[Round "6"]
[White "Groot, Patrick"]
[Black "Ueckermann, Stefan"]
[Result "0-1"]
[WhiteElo "1175"]
[BlackElo "1517"]
[PlyCount "44"]
[EventDate "2002.04.??"]
[EventType "swiss"]
[EventRounds "9"]
[EventCountry "GER"]
[SourceTitle "EXT 2003"]
[Source "ChessBase"]
[SourceDate "2002.11.25"]
[SourceVersion "1"]
[SourceVersionDate "2002.11.25"]
[SourceQuality "1"]

1. g3 d5 2. Nf3 c5 3. d3 Nc6 4. Nbd2 Nf6 5. b3 e5 6. Bb2 Bd6 7. Bg2 0-0 8. 0-0 Bd7 9. e4 d4 10. c4 Nb4 11. Qe2 Qc7 12. a3 Nc6 13. Rab1 a6 14. a4 Nb4 15. Ba3 Na2 16. Rb2 Nc3 17. Qe1 b5 18. axb5 axb5 19. Qa1 b4 20. Rc2 Rxa3 21. Qb2 Ra2 22. Qc1 Ne2+ 0-1

[Event "Schleswig Holstein-ch U16 q"]
[Site "Neumuenster"]
[Date "2002.04.06"]
[Round "1"]
[White "Ueckermann, Stefan"]
[Black "Rempe, Tobias"]
[Result "1-0"]
[WhiteElo "1517"]
[BlackElo "1184"]
[PlyCount "57"]
[EventDate "2002.04.??"]
[EventType "swiss"]
[EventRounds "9"]
[EventCountry "GER"]
[SourceTitle "EXT 2003"]
[Source "ChessBase"]
[SourceDate "2002.11.25"]
[SourceVersion "1"]
[SourceVersionDate "2002.11.25"]
[SourceQuality "1"]

1. d4 d5 2. c4 e6 3. Nc3 Nf6 4. Nf3 Nc6 5. e3 b6 6. cxd5 exd5 7. Bb5 Bd7 8. 0-0 Bd6 9. Bd2 0-0 10. Rc1 Nb4 11. Bxd7 Qxd7 12. Qe2 Ne4 13. Nxe4 dxe4 14. Ng5 Nxa2 15. Ra1 Qf5 16. Nxe4 Qxe4 17. Rxa2 c5 18. dxc5 bxc5 19. Rfa1 Qe5 20. g3 Rfb8 21. Bc3 Qe7 22. Qg4 g6 23. Ra6 f5 24. Qc4+ Kf8 25. Qa4 Rb7 26. Qc6 Bb8 27. Qc8+ Kf7 28. Rf6+ Kg7 29. Re6+ 1-0

[Event "Schleswig Holstein-ch U14"]
[Site "Neumuenster"]
[Date "2001.04.13"]
[Round "9"]
[White "Christiansen, Claes"]
[Black "Ueckermann, Stefan"]
[Result "1-0"]
[WhiteElo "1320"]
[BlackElo "1226"]
[PlyCount "39"]
[EventDate "2001.04.??"]
[EventType "swiss"]
[EventRounds "9"]
[EventCountry "GER"]
[SourceTitle "EXT 2003"]
[Source "ChessBase"]
[SourceDate "2002.11.25"]
[SourceVersion "1"]
[SourceVersionDate "2002.11.25"]
[SourceQuality "1"]

1. c4 e5 2. d3 f5 3. Nc3 Nf6 4. g3 d5 5. cxd5 Nxd5 6. Bg2 Bb4 7. Bd2 c6 8. Nf3 Qc7 9. 0-0 0-0 10. Nxd5 cxd5 11. Bxb4 Re8 12. Rc1 Qd7 13. d4 Nc6 14. Nxe5 Rxe5 15. dxe5 Nxb4 16. a3 Nc6 17. Qxd5+ Qxd5 18. Bxd5+ Kh8 19. Bxc6 bxc6 20. Rxc6 1-0

[Event "Schleswig Holstein-ch U14"]
[Site "Neumuenster"]
[Date "2001.04.11"]
[Round "6"]
[White "Ueckermann, Stefan"]
[Black "Reinelt, Tilman"]
[Result "0-1"]
[WhiteElo "1226"]
[BlackElo "1287"]
[PlyCount "50"]
[EventDate "2001.04.??"]
[EventType "swiss"]
[EventRounds "9"]
[EventCountry "GER"]
[SourceTitle "EXT 2003"]
[Source "ChessBase"]
[SourceDate "2002.11.25"]
[SourceVersion "1"]
[SourceVersionDate "2002.11.25"]
[SourceQuality "1"]

1. d4 d5 2. c4 e6 3. Nc3 Nf6 4. g3 c6 5. b3 Nbd7 6. Bg2 Bd6 7. e3 0-0 8. Nge2 Re8 9. 0-0 Nf8 10. e4 dxe4 11. Nxe4 Nxe4 12. Bxe4 Qd7 13. f4 b6 14. Bb2 Bb7 15. Rc1 c5 16. Bf3 Rad8 17. Qc2 Qc7 18. h3 Rd7 19. Qc3 cxd4 20. Nxd4 Bc5 21. Rcd1 Red8 22. Qd2 Bxd4+ 23. Bxd4 Rxd4 24. Qxd4 Rxd4 25. Rxd4 Qc5 0-1

[Event "Schleswig Holstein-ch U14"]
[Site "Neumuenster"]
[Date "2001.04.09"]
[Round "4"]
[White "Ueckermann, Stefan"]
[Black "Groot, Patrick"]
[Result "0-1"]
[WhiteElo "1226"]
[BlackElo "1185"]
[PlyCount "100"]
[EventDate "2001.04.??"]
[EventType "swiss"]
[EventRounds "9"]
[EventCountry "GER"]
[SourceTitle "EXT 2003"]
[Source "ChessBase"]
[SourceDate "2002.11.25"]
[SourceVersion "1"]
[SourceVersionDate "2002.11.25"]
[SourceQuality "1"]

1. d4 Nf6 2. c4 e6 3. Nc3 Bb4 4. a3 Bxc3+ 5. bxc3 b6 6. Nf3 h6 7. e3 Bb7 8. Bd3 c5 9. 0-0 0-0 10. Rb1 Qc7 11. Re1 d5 12. Qc2 dxc4 13. Bxc4 Ng4 14. h3 Bxf3 15. hxg4 Bxg4 16. Be2 Bf5 17. Bd3 Bxd3 18. Qxd3 cxd4 19. exd4 Nd7 20. c4 Nf6 21. Be3 Ng4 22. g3 Nxe3 23. Rxe3 Rac8 24. Rc1 b5 25. c5 a6 26. Qd2 Rfd8 27. Rd3 Rd5 28. Qb4 e5 29. Rd2 exd4 30. Rxd4 Rxc5 31. Rxc5 Qxc5 32. Rd8+ Kh7 33. Qe4+ f5 34. Rxc8 Qxc8 35. Qb4 Qc6 36. Qb1 Qf3 37. Qb4 Qg4 38. Qd6 Qg6 39. Qb4 Qf6 40. Qc5 g5 41. Qc7+ Kg6 42. Qc1 h5 43. f3 h4 44. Qe1 g4 45. fxg4 Qd4+ 46. Kf1 Qd3+ 47. Kg1 Qxg3+ 48. Qxg3 hxg3 49. Kg2 fxg4 50. Kxg3 a5 0-1

[Event "Schleswig Holstein-chB U14"]
[Site "Neumuenster"]
[Date "2000.04.21"]
[Round "9"]
[White "Vincenz, Thomas"]
[Black "Ueckermann, Stefan"]
[Result "0-1"]
[WhiteElo "1041"]
[BlackElo "1188"]
[PlyCount "96"]
[EventDate "2000.04.??"]
[EventType "swiss"]
[EventRounds "9"]
[EventCountry "GER"]
[SourceTitle "EXT 2003"]
[Source "ChessBase"]
[SourceDate "2002.11.25"]
[SourceVersion "1"]
[SourceVersionDate "2002.11.25"]
[SourceQuality "1"]

1. e4 e5 2. Nf3 Nc6 3. Bc4 Nf6 4. d3 Be7 5. Nc3 0-0 6. Bg5 d6 7. Nd5 Nxd5 8. Bxe7 Ndxe7 9. 0-0 Ng6 10. c3 Bg4 11. h3 Bxf3 12. Qxf3 Qd7 13. Kh1 Rad8 14. Qe3 Nce7 15. Rg1 d5 16. exd5 Nxd5 17. Qxa7 c6 18. Bxd5 cxd5 19. Raf1 b5 20. Qa3 d4 21. cxd4 Qxd4 22. g3 b4 23. Qb3 Qd5+ 24. Qxd5 Rxd5 25. Rd1 Rfd8 26. Rc1 Rxd3 27. Kg2 h6 28. Rc4 R3d4 29. Rgc1 Rxc4 30. Rxc4 Rd4 31. Rxd4 exd4 32. Kf3 d3 33. Ke3 Ne5 34. f4 Nc4+ 35. Kxd3 Nxb2+ 36. Kc2 Nc4 37. Kb3 Ne3 38. Kxb4 Kf8 39. a4 Ke7 40. Kc5 Kd7 41. a5 Kc7 42. a6 Kb8 43. Kd6 Nf5+ 44. Kd7 Nxg3 45. Ke7 f5 46. Kf7 g5 47. fxg5 hxg5 48. Kg6 f4 0-1

[Event "Schleswig Holstein-chB U14"]
[Site "Neumuenster"]
[Date "2000.04.17"]
[Round "4"]
[White "Braun, Jasper"]
[Black "Ueckermann, Stefan"]
[Result "0-1"]
[WhiteElo "1130"]
[BlackElo "1188"]
[PlyCount "76"]
[EventDate "2000.04.??"]
[EventType "swiss"]
[EventRounds "9"]
[EventCountry "GER"]
[SourceTitle "EXT 2003"]
[Source "ChessBase"]
[SourceDate "2002.11.25"]
[SourceVersion "1"]
[SourceVersionDate "2002.11.25"]
[SourceQuality "1"]

1. e4 e5 2. Nc3 Nc6 3. Nf3 Nf6 4. d3 d6 5. Bg5 Be7 6. Be2 0-0 7. Qd2 Be6 8. 0-0-0 Nd4 9. h3 Nxf3 10. Bxf3 c6 11. g4 b5 12. b3 b4 13. Ne2 a5 14. Bg2 d5 15. f4 exf4 16. Nxf4 h6 17. Nxe6 fxe6 18. Bh4 Nh7 19. Bxe7 Qxe7 20. Rde1 Nf6 21. g5 a4 22. gxf6 Qxf6 23. Qxb4 axb3 24. Qxb3 Qg5+ 25. Kd1 Qxg2 26. Qc3 dxe4 27. Rhg1 Qf3+ 28. Re2 Qf6 29. d4 Rxa2 30. Rxe4 Qf3+ 31. Qxf3 Rxf3 32. Ke2 Rxh3 33. Rxe6 Rxc2+ 34. Kd1 Rhc3 35. Reg6 Rc1+ 36. Kd2 Rxg1 37. Rxg1 Rf3 38. Rc1 Rf6 0-1